Normal view
MARC view
Entry Personal Name
001 - CONTROL NUMBER
- control field: 162657
003 - CONTROL NUMBER IDENTIFIER
- control field: OSt
005 - DATE AND TIME OF LATEST TRANSACTION
- control field: 20220923212626.0
008 - FIXED-LENGTH DATA ELEMENTS
- fixed length control field: 220923|| aca||aabn | a|a d
040 ## - CATALOGING SOURCE
- Original cataloging agency: OSt
- Transcribing agency: OSt
100 ## - HEADING--PERSONAL NAME
- Personal name: भास्कर नायर, के0
670 ## - SOURCE DATA FOUND
- Source citation: Work cat.: (OSt)310275: भास्कर नायर, के0, हिन्दी और मलयालम के कृष्णभक्त कवियो का तुलनात्मक अध्ययन, 1967
